La voz de los hermanos mayores (Registro nro. 17711)

Detalles MARC
000 -LDR (LÍDER)
Campo de control de longitud fija 01124nam a2200301 a 4500
003 - IDENTIFICADOR DEL NÚMERO DE CONTROL
Campo de control CO-PeBPR
005 - FECHA Y HORA DE LA ÚLTIMA TRANSACCIÓN
Campo de control 20260418060120.0
008 - ELEMENTOS DE DATOS DE LONGITUD FIJA--INFORMACIÓN GENERAL
Campo de control de longitud fija 2025e ck a|||| n||| 00| 0 spa c
020 ## - Código Internacional normalizado para libros
Código Internacional normalizado para libros 9786287666559
040 0# - FUENTE DE CATALOGACIÓN
Agencia catalogadora original CO-PeBPR
Idioma de la agencia catalogadora spa
Agencia que transcribe CO-PeBPR
Norma para la descripción rda
041 0# - Código del Idioma
Código idioma del recurso original spa
082 04 - NÚMERO DE CLASIFICACIÓN DECIMAL DEWEY
Número de clasificación (i) Co498.203 R934v
100 1# - ASIENTO PRINCIPAL--NOMBRE PERSONAL
Nombre personal Ruiz, Clarisa
Términos de relación autora
245 10 - MENCIÓN DE TÍTULO
Título propiamente dicho La voz de los hermanos mayores
Mención de responsabilidad / Clarisa Ruiz ; ilustraciones de Juan Camilo Mayorga ; edición de Diana López de Mesa
250 ## - MENCIÓN DE EDICIÓN
Mención de edición Primera edición
264 #1 - Área de la Producción Publicación, Distribución, Manufactura, etc.
Lugar de publicación, distribución, etc. Bogotá, Colombia
Nombre de la editorial, distribuidor, etc. : Ministerio de las Culturas, las Artes y los Saberes
Fecha de publicación, distribución, etc. , 2025
300 ## - DESCRIPCIÓN FÍSICA
Extensión 64 páginas
Otros detalles físicos : ilustraciones a color
Dimensiones ; 23 centímetros
336 ## - Tipo de Contenido
Tipo de contenido texto
Código de tipo de contenido txt
Fuente rdacontenido
337 ## - Tipo de Medio
Tipo de Medio sin mediación
Código de tipo de medio n
Fuente rdamedio
338 ## - Tipo de Soporte
Tipo de soporte volumen
Código de tipo de soporte nc
Fuente rdasoporte
490 ## - MENCIÓN DE SERIE
Título de la serie Colección leer es mi cuento
Volumen, número de designación secuencial, según fuente de información v67
650 14 - ASIENTO SECUNDARIO DE MATERIA - TÉRMINO TEMÁTICO
Fuente del encabezado o término LEMB
Encabezamiento temático Libros ilustrados para niños
650 14 - ASIENTO SECUNDARIO DE MATERIA - TÉRMINO TEMÁTICO
Fuente del encabezado o término LEMB
Encabezamiento temático Lenguaje nativo
Subdivisión general Diccionarios
Subdivisión geográfica Colombia
650 14 - ASIENTO SECUNDARIO DE MATERIA - TÉRMINO TEMÁTICO
Fuente del encabezado o término LEMB
Encabezamiento temático Literatura infantil
Subdivisión general Colecciones
700 1# - ASIENTO SECUNDARIO - NOMBRE PERSONAL
Nombre personal Mayorga, Juan Camilo
Término de relación, rol en la obra ilustrador
700 1# - ASIENTO SECUNDARIO - NOMBRE PERSONAL
Nombre personal López de Mesa, Diana
Término de relación, rol en la obra editora
942 ## - ENTRADA DE ELEMENTOS AGREGADOS (KOHA
Fuente de clasificación o esquema de estantería. Dewey Decimal Classification
Tipo de ítem Literatura Infantil
Existencias
Estado de pérdida Fuente del sistema de clasificación o colocación Estado de daño No disponible para préstamo Colección Biblioteca de origen Biblioteca actual Ubicación en estantería Signatura topográfica completa Ejemplar Código de barras Tipo de ítem Fecha de adquisición Fuente de adquisición Total de pagos Fecha de la última vez visto
  Dewey Decimal Classification     Infantil Biblioteca Pública Departamental Comfamiliar Risaralda Biblioteca Pública Departamental Comfamiliar Risaralda Área Infantil (i) Co498.203 R934v Ej.1 RIBPD5234 Literatura Infantil 17/04/2026 Dotación MinCultura y BNC   17/04/2026
  Dewey Decimal Classification     Infantil Biblioteca Pública Departamental Comfamiliar Risaralda Biblioteca Pública Departamental Comfamiliar Risaralda Área Infantil (i) Co498.203 R934v Ej.2 RIBPD5235 Literatura Infantil 17/04/2026 Dotación MinCultura y BNC   17/04/2026